<The> business strategy game <a> global industry simulation
Salvato in:
| Autore principale: | |
|---|---|
| Altri autori: | |
| Natura: | Libro |
| Lingua: | inglese |
| Pubblicazione: |
Homewood
Irwin
1990
|
| Soggetti: | |
| Tags: |
Nessun Tag, puoi essere il primo ad aggiungerne!!
|
MARC
| LEADER | 00000nam a2200000 4500 | ||
|---|---|---|---|
| 001 | c000394 | ||
| 005 | 20221215113422.3 | ||
| 020 | |a 0-256-08036-4 | ||
| 041 | 0 | |a eng | |
| 044 | |a US | ||
| 245 | 1 | 0 | |a <The> business strategy game |b <a> global industry simulation |c Arthur A. Thompson, Gregory J. Stappenbeck |
| 264 | 1 | |a Homewood |b Irwin |c 1990 | |
| 300 | |a 81 s. | ||
| 610 | 2 | 0 | |a hry ekonomické |
| 610 | 2 | 0 | |a simulácia |
| 610 | 2 | 0 | |a priemysel |
| 610 | 2 | 0 | |a podnik |
| 610 | 2 | 0 | |a stratégia podnikateľská |
| 610 | 2 | 0 | |a stratégia podniková |
| 610 | 2 | 0 | |a rozhodovanie |
| 610 | 2 | 0 | |a využitie počítačov |
| 610 | 2 | 0 | |a plánovanie |
| 100 | 1 | |a Thompson, Jr., Arthur A. | |
| 700 | 1 | |a Stappenbeck, Gregory J. | |